Statistics for Country to Population Matching

Click here to take the quiz!

General Stats

  • This quiz has been taken 146 times
  • The average score is 12 of 22

Answer Stats

QuestionAnswer% Correct
United Kingdom67,000,000
90%
Turkey83,000,000
76%
Russia144,000,000
69%
Australia25,000,000
67%
Indonesia270,000,000
65%
Vatican City800
65%
Iran83,000,000
65%
Egypt101,000,000
64%
Netherlands17,000,000
62%
India1,386,000,000
60%
Greece11,000,000
54%
Saudi Arabia34,000,000
53%
Democratic Republic of the Congo87,000,000
53%
Oman5,000,000
52%
Tanzania61,000,000
51%
Sudan43,000,000
50%
Sri Lanka21,000,000
45%
Colombia50,000,000
44%
Kazakhstan19,000,000
41%
Latvia2,000,000
39%
Cuba11,000,000
35%
Laos7,000,000
33%

Score Distribution

Percentile by Number Answered

Percent of People with Each Score

Your Score History

You have not taken this quiz